Она: пер. с англ.; Она; Секс - Макс; Соблазн греха
| Outros Autores: | , |
|---|---|
| Resumo: | Исключено из фонда НТБ ТПУ |
| Idioma: | russo |
| Publicado em: |
Минск, Парадокс, 1994
|
| TOC: | Она; Х. Купер, Секс - Макс; Р. Мерсон, Соблазн греха; |
| Colecção: | Презент |
| Formato: | Livro |
| KOHA link: | https://koha.lib.tpu.ru/cgi-bin/koha/opac-detail.pl?biblionumber=119398 |
MARC
| LEADER | 00000nam0a2200000 4500 | ||
|---|---|---|---|
| 001 | 119398 | ||
| 005 | 20231031124534.0 | ||
| 010 | |a 9856092043 | ||
| 035 | |a (RuTPU)RU\TPU\book\129227 | ||
| 035 | |a RU\TPU\book\129222 | ||
| 090 | |a 119398 | ||
| 100 | |a 20070703d1994 m y0rusy50 ca | ||
| 101 | 1 | |a rus |c eng | |
| 102 | |a BY | ||
| 105 | |a a z 000ay | ||
| 200 | 1 | |a Она |e пер. с англ. |f худож. Н. В. Глушко, Т. В. Жегулович | |
| 210 | |a Минск |c Парадокс |d 1994 | ||
| 215 | |a 496 с. |c ил. | ||
| 225 | 1 | |a Презент | |
| 333 | |a Исключено из фонда НТБ ТПУ | ||
| 464 | |t Она | ||
| 464 | |t Секс - Макс |f Х. Купер | ||
| 464 | |t Соблазн греха |f Р. Мерсон |a Купер, Хьюз | ||
| 675 | |a 84 |v 3 | ||
| 702 | 1 | |a Глушко |b Н. В. |4 440 | |
| 702 | 1 | |a Жегулович |b Т. В. |4 440 | |
| 801 | 1 | |a RU |b 63413507 |c 20070703 |g PSBO | |
| 801 | 2 | |a RU |b 63413507 |c 20211217 |g PSBO | |
| 942 | |c BK | ||